ARRUPE JESUIT UNIVERSITY

CORONAVIRUS -STOP THE SPREAD - CLEAN,DISINFECT,COVER

Training for transformation : (Record no. 128907)

MARC details
000 -LEADER
fixed length control field 01074nam a2200325 a 4500
001 - CONTROL NUMBER
control field 1453305
003 - CONTROL NUMBER IDENTIFIER
control field ARRUPE
005 - DATE AND TIME OF LATEST TRANSACTION
control field 20220228152612.0
008 - FIXED-LENGTH DATA ELEMENTS--GENERAL INFORMATION
fixed length control field 851022s1984 ug a b 001 0 eng
010 ## - LIBRARY OF CONGRESS CONTROL NUMBER
LC control number 85219104
020 ## - INTERNATIONAL STANDARD BOOK NUMBER
International Standard Book Number 0869222562 (pbk. : v. 1)
040 ## - CATALOGING SOURCE
Original cataloging agency DLC
Transcribing agency DLC
Modifying agency DLC
043 ## - GEOGRAPHIC AREA CODE
Geographic area code d------
050 00 - LIBRARY OF CONGRESS CALL NUMBER
Classification number HN49.C6
Item number H66 1995
082 00 - DEWEY DECIMAL CLASSIFICATION NUMBER
Classification number 307.1/4
Edition number 19
300 ## - PHYSICAL DESCRIPTION
Other physical details ill. ;
Dimensions 30 cm.
100 1# - MAIN ENTRY--PERSONAL NAME
Personal name Hope, Anne.
9 (RLIN) 44404
245 10 - TITLE STATEMENT
Title Training for transformation :
Remainder of title a handbook for community workers /
Statement of responsibility, etc Anne Hope and Sally Timmel ; illustrated by Chris Hodzi.
250 ## - EDITION STATEMENT
Edition statement Rev. ed.
260 ## - PUBLICATION, DISTRIBUTION, ETC. (IMPRINT)
Place of publication, distribution, etc Gweru :
Name of publisher, distributor, etc Mambo Press,
Date of publication, distribution, etc 1995.
300 ## - PHYSICAL DESCRIPTION
Extent 3 v. :
500 ## - GENERAL NOTE
General note Includes index.
504 ## - BIBLIOGRAPHY, ETC. NOTE
Bibliography, etc Bibliography: p. v. 1, p. 144-146.
650 #0 - SUBJECT ADDED ENTRY--TOPICAL TERM
Topical term or geographic name as entry element Community development
General subdivision Handbooks, manuals, etc.
9 (RLIN) 44405
650 #0 - SUBJECT ADDED ENTRY--TOPICAL TERM
Topical term or geographic name as entry element Transformational leadership
9 (RLIN) 51050
650 #0 - SUBJECT ADDED ENTRY--TOPICAL TERM
Topical term or geographic name as entry element Adult education
Geographic subdivision Developing countries.
9 (RLIN) 44406
650 #0 - SUBJECT ADDED ENTRY--TOPICAL TERM
Topical term or geographic name as entry element Leadership
9 (RLIN) 6573
700 1# - ADDED ENTRY--PERSONAL NAME
Personal name Timmel, Sally.
9 (RLIN) 44407
906 ## - LOCAL DATA ELEMENT F, LDF (RLIN)
a 7
b cbc
c orignew
d 2
e ncip
f 19
g y-gencatlg
942 ## - ADDED ENTRY ELEMENTS (KOHA)
Source of classification or shelving scheme Library of Congress Classification
Koha item type Monograph ( Printed materials)
Holdings
Withdrawn status Lost status Source of classification or shelving scheme Damaged status Not for loan Collection code Home library Current library Shelving location Date acquired Total Checkouts Full call number Barcode Checked out Date last seen Date checked out Price effective from Koha item type
    Library of Congress Classification     Main Collection ARRUPE LIBRARY ARRUPE LIBRARY Main Collection 06/02/2019 3 HN49.C6 H66 1995 46600003622 15/09/2023 16/08/2023 16/08/2023 06/02/2019 Monograph ( Printed materials)
    Library of Congress Classification     Main Collection ARRUPE LIBRARY ARRUPE LIBRARY Main Collection 06/02/2019 3 HN49.C6 H66 1995 46600003624 15/09/2023 16/08/2023 16/08/2023 06/02/2019 Monograph ( Printed materials)
    Library of Congress Classification     Main Collection ARRUPE LIBRARY ARRUPE LIBRARY Main Collection 06/02/2019 3 HN49.C6 H66 1995 46600003625 15/09/2023 16/08/2023 16/08/2023 06/02/2019 Monograph ( Printed materials)

 

Arrupe Library. PO Box MP320 Mt Pleasant, Harare, Zimbabwe
263 242 745411|librarian@aju.ac.zw